|
|
|
|
| LEADER |
00000cam a2200000 7i4500 |
| 001 |
0000000322 |
| 005 |
20131212.0 |
| 090 |
0 |
0 |
|a R338.9595 MAL 1998
|
| 110 |
1 |
0 |
|a MALAYSIA
|c Jabatan Perdana Menteri, Unit Perancang Ekonomi
|
| 245 |
1 |
0 |
|a Pelan tindakan ekonomi negara :
|b Agenda tindakan :
|b Sinopsis
|c Majlis Tindakan Ekonomi Negara, Unit Perancang Ekonomi
|
| 260 |
0 |
0 |
|a Kuala Lumpur :
|b Majlis Tindakan Ekonomi Negara, Unit Perancang Ekonomi ,
|c 1998
|
| 300 |
|
|
|a xiii, 252 p. ;
|c 27 cm.
|
| 650 |
0 |
0 |
|a Economic stabilization
|z Malaysia
|
| 651 |
0 |
0 |
|a Malaysia
|x Economic policy
|
| 651 |
0 |
0 |
|a Malaysia
|x Social conditions
|
| 999 |
|
|
|a 0000001488
|b Monograph
|c Reference
|e Default branch
|
| 999 |
|
|
|a 0000006535
|b Monograph
|c Open Shelf
|e Default branch
|